Veřejná ekonomie

Guardado en:
Detalles Bibliográficos
Autor principal: Stejskal, Jan
Otros Autores: Mikušová Meričková, Beáta, Kuba, Ondřej, Jakuš Muthová, Nikoleta
Formato: Libro
Lenguaje:checo
Publicado: Praha Wolters Kluwer ČR 2023
Edición:1. vydání
Materias:
Etiquetas: Agregar Etiqueta
Sin Etiquetas, Sea el primero en etiquetar este registro!

MARC

LEADER 00000nam a2200000 4500
001 0300159
005 20240607112806.8
020 |a 978-80-7676-680-8 
041 0 |a cze 
044 |a CZ 
245 1 0 |a Veřejná ekonomie  |c Jan Stejskal, Beáta Mikušová Meričková, Ondřej Kuba, Nikoleta Jakuš Muthová 
250 |a 1. vydání 
264 1 |a Praha  |b Wolters Kluwer ČR  |c 2023 
300 |a 248 s. 
610 2 0 |a sektor verejný 
610 2 0 |a správa verejná 
610 2 0 |a správa štátna 
610 2 0 |a regulácia štátna 
610 2 0 |a ekonomika zmiešaná 
610 2 0 |a ekonómia behaviorálna 
100 1 |a Stejskal, Jan 
700 1 |a Mikušová Meričková, Beáta 
700 1 |a Kuba, Ondřej 
700 1 |a Jakuš Muthová, Nikoleta